000 02125nam a2200397 c 4500
999 _c204378
_d204378
003 BLK
005 20250119004056.0
008 180411b bul|||||r ||||||| ||bul||
010 _aKNG00213937000
040 _aBLK
041 _aBUL
_cBUL
072 7 _2bullib
_aА
_xФонд Михаил Арнаудов
080 _aИстория на България
_b94(497.2)
_z94(497.2)
080 _aБългарска литература
_b821.163.2
_z821.163.2
100 1 _aИванов, Йордан
_eпърви автор
_gНиколов, Йордан Иванов
_9363870
139 _aИванов, Йордан
_bИ 21
245 1 0 _aБългарски старини из Македония
_cЙордан Иванов; * Йордан Иванов Николов.
250 _a2. доп. изд.
257 _aBGR
260 _bБълг. книж. д-во
_c1931
_fСофия : Държ. печ.
300 _aVII, 671 с.
_bс факс.
_c23 см
380 _a9
490 _9396381
_aЧастна колекция - Академик Михаил Арнаудов
_gДарение - Основен фонд
500 _aПълното име на авт. Йордан Иванов Николов. - 1. изд. 1908. - Подпис на М. Арнаудов ; ръкопис: "Стиховы на глас трпизички..." - фиксиран е точния препис от надписа върху надгробната плоча на Кирил Пейчинович, като корекция на публикувания в книгата текст: с.98 ; бележка към текста на с. 105. - Твърда подв.
650 4 _aБългарска литература
_9243597
650 7 _aИстория - България
_2
_9157745
659 _aА
700 1 _aНиколов, Йордан Иванов
_e*
_9371813
852 _aЦб МА 128
_bМА
856 4 _qpdf
856 4 _qpdf
942 _cKNG
_n0
_s1
944 _aCR
_c03.11.2017
_k
_lCRON CRON
944 _aED
_c03.11.2017
_kГеновева_Генчева
999 _d204378